Tratta di esseri umani. (Record n. 207264)

Dettagli MARC
000 -LEADER
campo di controllo lung. fissa 00835npc a2200229Ia 4500
001 - Numero di controllo
campo di controllo dg67-31720
003 - Identificatore del numero di controllo
campo di controllo IT-MiCISF
005 - Data e orario dell'ultima transazione
campo di controllo 20250218120255.0
008 - Elementi di lunghezza fissa--Informazione generale
campo di controllo lung. fissa 161014s9999||||xx | und||
040 ## - Fonte della catalogazione
Agenzia catalografica originale IT-MiCISF
Agenzia che fa la trascrizione IT-MiCISF
041 ## - Codice di lingua
Codice di lingua del testo/traccia sonora o titolo separato it
100 ## - Accesso principale -- nome di persona
Nome di persona Damoli Elvio (et al.)
9 (RLIN) 61553
245 #0 - Formulazione del titolo
Titolo Tratta di esseri umani.
Complemento del titolo Fame e sete di giustizia,
Formulazione di responsabilità, ecc. Convegno nazionale, Brescia, 8-11 marzo 2000
260 ## - Pubblicazione, distribuzione, ecc. (stampa)
Nome dell'editore, distributore, ecc. Caritas Italiana,
Data di pubblicazione, distribuzione, ecc. 2000,
Luogo di pubblicazione, distribuzione, ecc. Roma,
300 ## - Descrizione fisica
Estensione pp. 130
500 ## - Nota generale
Nota generale / prostituzione, abuso-sessuale, donna, infanzia, società, prevenzione, politica /
650 ## - Accesso aggiunto di soggetto--termine topico
Termine topico o nome geografico come accesso società
654 ## - Accesso aggiunto di soggetto--termini topici faccettati
Termine principale saggio
700 ## - Accesso aggiunto--nome di persona
Nome di persona Ambrosini M., Luciano A., Colombo E., Martirani G., Ciotti L., Chiavacci E.,
-- Operti M., Mioli B., Giulia P., Sorensen A., Van de Kar I., Bank M.
9 (RLIN) 61554
942 ## - Dati aggiuntivi (Koha)
Tipo copia default (Koha) DOCUMENTI
Fonte della classificazione o dello schema di collocazione (segnatura) Dewey Decimal Classification
999 ## - Sys Number locale (Koha)
Koha Dewey Subclass [OBSOLETE] si
Dati di copia
Ritirato (status) Perso (status) Danneggiato (status) Non per il presito Biblioteca proprietaria Biblioteca in cui si trova Data d'acquisizione Totale prestiti Collocazione Data ultima operazione Prezzo in vigore dal Tipo copia default (Koha) Nota pubblica
    Buone Condizioni Not For Loan CISF - Milano CISF - Milano 14/10/2016   dg67-31720 14/10/2016 14/10/2016 DOCUMENTI Data import 15.10.2016 / by Epidotti, Vaglietti
CREDITS: SOCIETA' SAN PAOLO Via A.Severo, 58 - ROMA (RM) & PERIODICI SAN PAOLO SRL Via Giotto, 36 MILANO & CISF Via Giotto, 36 MILANO & EDIZIONI SAN PAOLO SRL,  Piazza Soncino, 5 CINISELLO BALSAMO (MI) -- ITALY